000 00579nam a22001817a 4500
999 _c1864
_d1864
003 SLTCLib
008 260109b ce ||||| |||| 00| 0 eng d
020 _a9558884138
041 _aSinhala
082 _a005.54
_bWIJ
100 _aWijerathne, N. P.
_93370
242 _aMicrosoft Access
_bDaththa sanchitha bawithaya
245 _aමයික්‍රෝසොෆ්ට් ඇක්සස්
_bදත්ත සංචිත භාවිතය
260 _aKotadheniyawa
_bAshirwadha Prakashana
_c2005
300 _a192p.
650 0 _92070
_aComputer science
942 _2ddc
_cMLN
945 _a3725
_bIshara wickramage
_c3725
_dIshara wickramage